ՀՀ Գիտությունների ազգային ակադեմիայի հիմնարար գիտական գրադարան  =   Fundamental Scientific Library of NAS RA

Перелётные годы : (Record no. 97498)

MARC details
000 -LEADER
fixed length control field 00806nam a2200205 a 4500
001 - CONTROL NUMBER
control field 000267693
003 - CONTROL NUMBER IDENTIFIER
control field AM-YeHGA
005 - DATE AND TIME OF LATEST TRANSACTION
control field 20250617125427.0
008 - FIXED-LENGTH DATA ELEMENTS--GENERAL INFORMATION
fixed length control field 031001s1990 ||| r 000 0 rus d
040 ## - CATALOGING SOURCE
Original cataloging agency AM-YeHGA
090 ## - LOCALLY ASSIGNED LC-TYPE CALL NUMBER (OCLC); LOCAL CALL NUMBER (RLIN)
-- 98804
100 1# - MAIN ENTRY--PERSONAL NAME
Personal name Рябухин, Борис Константинович
245 10 - TITLE STATEMENT
Title Перелётные годы :
Remainder of title Стихи /
Statement of responsibility, etc. Борис Рябухин.
260 ## - PUBLICATION, DISTRIBUTION, ETC.
Place of publication, distribution, etc. Москва :
Name of publisher, distributor, etc. РИО ГПНТБ СССР,
Date of publication, distribution, etc. 1990.
300 ## - PHYSICAL DESCRIPTION
Extent 112 с.
Other physical details [1] с. портр.
500 ## - GENERAL NOTE
General note Изд. на средства авт.
505 0# - FORMATTED CONTENTS NOTE
Formatted contents note Стихи; Симбирский острог: Отр. из драм. поэмы "Степан Разин"
600 14 - SUBJECT ADDED ENTRY--PERSONAL NAME
Personal name Разин, Степан Тимофеевич
650 14 - SUBJECT ADDED ENTRY--TOPICAL TERM
Topical term or geographic name entry element Русская литература
General subdivision Поэзия
Holdings
Withdrawn status Lost status Damaged status Not for loan Collection Home library Current library Date acquired Total checkouts Full call number Barcode Date last seen Price effective from Koha item type Public note
        General Fundamental Scientific Library Fundamental Scientific Library 22/12/2016   882 110061842 22/12/2016 22/12/2016 Գրքեր / Books 30 Days Loan


ՀՀ ԳԱԱ հիմնարար գիտական գրադարան
ՀՀ,Երևան 0019
Մարշալ Բաղրամյան 24/6
հեռախոս:(374-10) 52-47-50
Հետադարձ կապ

All site content, except where otherwise noted, is licensed under a
Creative Commons License